| Tag |
First Indicator |
Second Indicator |
Subfields |
| LEADER |
00000cam a2200000 a 4500 |
| 001 |
in00000009737 |
| 005 |
20151007051540.0 |
| 008 |
860703s1986 njua 00110 eng d |
| 020 |
|
|
|a 0866221395
|
| 035 |
|
|
|a (OCoLC)13819757
|
| 035 |
|
|
|9 AAA3561AM
|
| 040 |
|
|
|a ILC
|c ILC
|d UMC
|d m/c
|d IXA
|d TXA
|d UtOrBLW
|
| 049 |
|
|
|a TXAM
|c [A12574656]
|
| 050 |
|
4 |
|a SF457
|b .A897 1986
|
| 100 |
1 |
|
|a Axelrod, Herbert R.
|
| 240 |
1 |
0 |
|a Atlas of freshwater aquarium fishes
|
| 245 |
1 |
0 |
|a Dr. Axelrod's atlas of freshwater aquarium fishes /
|c by Herbert R. Axelrod [and others].
|
| 250 |
|
|
|a 2nd ed.
|
| 264 |
|
1 |
|a Neptune City, N.J. :
|b T.F.H. Publications,
|c [1986]
|
| 264 |
|
4 |
|c ©1986
|
| 300 |
|
|
|a 782 pages :
|b color illustrations ;
|c 29 cm.
|
| 336 |
|
|
|a text
|b txt
|2 rdacontent
|
| 337 |
|
|
|a unmediated
|b n
|2 rdamedia
|
| 338 |
|
|
|a volume
|b nc
|2 rdacarrier
|
| 500 |
|
|
|a Includes index.
|
| 650 |
|
0 |
|a Aquarium fishes
|x Identification.
|
| 650 |
|
0 |
|a Aquarium fishes
|x Pictorial works.
|
| 650 |
|
0 |
|a Freshwater fishes
|x Identification.
|
| 650 |
|
0 |
|a Freshwater fishes
|x Pictorial works.
|
| 740 |
0 |
|
|a Doctor Axelrod's Atlas of Freshwater aquarium fishes.
|
| 740 |
0 |
|
|a Freshwater aquarium fishes.
|
| 999 |
|
|
|a MARS
|
| 999 |
f |
f |
|s ff7856f3-0155-3f12-a50b-77a99d2a7223
|i de443810-93dc-3048-9280-9d25594bdc13
|t 0
|
| 952 |
f |
f |
|p ric
|a Texas A&M University
|b Rellis Campus
|c Joint Library Facility
|d Remote Storage
|t 0
|e SF457 .A897 1986
|h Library of Congress classification
|i unmediated -- volume
|m A14812574656
|
| 998 |
f |
f |
|a SF457 .A897 1986
|t 0
|l Remote Storage
|